000 00916cam a22003137a 4500
003 CHAP
005 20220329142239.0
008 000324q ag r 00110 spa d
010 _a80525
011 _a81497
035 _a91969
040 _cCHAP
090 _aFolleto 15832
100 0 0 _aMusarra, Aldo.
_979864
245 1 0 _aPara aprender encuadernación
_c/por Aldo Musarra
260 _aBuenos Aires :
_bHobby
_c[199?]
300 _a173 p. :
_bilus.
500 _afotocopia
590 _aBATCH-UPD
_b10
_c20130110
_lUCH01
_h0645
590 _aBATCH-UPD
_b10
_c20130111
_lUCH01
_h0000
590 _aBATCH-UPD
_b10
_c20130410
_lUCH01
_h1646
590 _aBATCH-UPD
_b10
_c20130914
_lUCH01
_h1305
590 _aCONVERSION
_b10
_c20130109
_lUCH01
_h1345
650 1 4 _aEncuadernación.
_936767
901 _aBK
905 _aLilia Sánchez G.
942 _cFOLL
949 _aFolleto 15832
_bBC
_cB
_d919691
_eB
_i91969
_sb
999 _c80525
_d80525